| 000 | 01674nam0a2200301 4500 | ||
|---|---|---|---|
| 001 | RU\NLR\bibl\1340811 | ||
| 005 | 20250615170606.0 | ||
| 021 |
_aRU _b2009-504 _930 |
||
| 035 | _a(NLR Aleph) 001325973 | ||
| 090 |
_a769965 _c769965 |
||
| 100 | _a20090316d2008 |||y0rusy50 ca | ||
| 101 | 0 | _arus | |
| 102 | _aRU | ||
| 105 | _aa ||||||||| | ||
| 200 | 1 |
_aКомпьютерная графика в редакторе "КОМПАС" _eучебное пособие _fВ.П. Ледвягин, Л.Я. Мефодьева, В.Н. Быкова _gФедер. агентство связи, Гос. образоват. учреждение высш. проф. образования "Сиб. гос. ун-т телекоммуникаций и информатики" (ГОУ ВПО "СибГУТИ") |
|
| 210 |
_aНовосибирск _cСибирский государственный университет телекоммуникаций и информатики _d2008 |
||
| 215 |
_a123 с. _cил. _d20 |
||
| 320 | _aБиблиогр.: с. 123 (11 назв.) | ||
| 606 | 1 |
_aКОМПАС, система автоматизированного проектирования _jУчебные издания для высших учебных заведений _92224695 _3RU\NLR\auth\661335600 |
|
| 686 | _aЖ2-5-05я73-1 | ||
| 700 | 1 |
_aЛедвягин _bВ. П. _gВладимир Павлович _4070 |
|
| 701 | 1 |
_aМефодьева _bЛ. Я. _gЛариса Яковлевна _4070 |
|
| 701 | 1 |
_aБыкова _bВ. Н. _gВера Николаевна _4070 |
|
| 801 | 0 |
_aRU _bNLR _c20090316 _gRCR |
|
| 801 | 1 |
_aRU _bNLR _c20090316 |
|
| 942 | _cBOOK | ||
| 980 | _aNB | ||